War in the shadows : the guerrilla in history /

Bibliographic Details
Main Author: Asprey, Robert B.
Format: Book
Language:English
Published: Garden City, N. Y. : Doubleday, [1975]
Edition:[Book club ed.].
Subjects:

MARC

Tag First Indicator Second Indicator Subfields
LEADER 00000cam a2200000 i 4500
001 in00001139721
005 20180618113554.0
008 800421s1975 nyub b 001 0 eng d
035 |a (OCoLC)06228946 
035 |9 AGC5812AM 
040 |a IHE  |c IHE  |d m/c  |d COR  |d TXA  |d UtOrBLW 
043 |a a-vt--- 
049 |a TXAS [mil] 
090 |a U240  |b .A86 1975b 
092 |a 355.425  |b ASP 
100 1 |a Asprey, Robert B. 
245 1 0 |a War in the shadows :  |b the guerrilla in history /  |c by Robert B. Asprey. 
250 |a [Book club ed.]. 
264 1 |a Garden City, N. Y. :  |b Doubleday,  |c [1975] 
264 4 |c ©1975 
300 |a 2 volumes (xxxv, 1475 pages) :  |b maps ;  |c 22 cm. 
336 |a text  |b txt  |2 rdacontent 
337 |a unmediated  |b n  |2 rdamedia 
338 |a volume  |b nc  |2 rdacarrier 
504 |a Includes bibliographies and index. 
500 |a One of the Cushing Library/Ragan Military copies is a gift of Ann, Fred, and Tracie Burns for the Major Curtis Burns '52 Aviation Collection. 
650 0 |a Guerrilla warfare  |x History. 
650 0 |a Vietnam War, 1961-1975. 
948 |a c:mc 
999 |a MARS 
999 f f |s 547d7886-a155-3991-9fae-d56e59ae45a4  |i 1844b5c5-4107-38f6-87c0-860a2818aeb1  |t 0 
952 f f |p noncirc  |a Texas A&M University  |b College Station  |c Cushing Memorial Library & Archives  |d Cushing: Ragan Military (Does not check out)  |t 0  |e U240 .A86 1975b  |h Library of Congress classification  |i unmediated -- volume  |k v.2 
952 f f |p noncirc  |a Texas A&M University  |b College Station  |c Cushing Memorial Library & Archives  |d Cushing: Ragan Military (Does not check out)  |t 0  |e U240 .A86 1975b  |h Library of Congress classification  |i unmediated -- volume  |k v.1 
952 f f |p ric  |a Texas A&M University  |b Rellis Campus  |c Joint Library Facility  |d Remote Storage  |t 0  |e U240 .A86 1975b  |h Library of Congress classification  |i unmediated -- volume  |k v.2  |m A14824149580 
952 f f |p noncirc  |a Texas A&M University  |b College Station  |c Cushing Memorial Library & Archives  |d Cushing: Ragan Military (Does not check out)  |t 0  |e U240 .A86 1975b  |h Library of Congress classification  |i unmediated -- volume  |k v.1 
952 f f |p noncirc  |a Texas A&M University  |b College Station  |c Cushing Memorial Library & Archives  |d Cushing: Ragan Military (Does not check out)  |t 0  |e U240 .A86 1975b  |h Library of Congress classification  |i unmediated -- volume  |k v.2 
952 f f |p ric  |a Texas A&M University  |b Rellis Campus  |c Joint Library Facility  |d Remote Storage  |t 0  |e U240 .A86 1975b  |h Library of Congress classification  |i unmediated -- volume  |k v.1  |m A14830074507 
998 f f |a U240 .A86 1975b  |s v.1-v.2  |t 0  |l Cushing: Ragan Military (Does not check out) 
998 f f |a U240 .A86 1975b  |s v.1-2  |t 0  |l Remote Storage 
998 f f |a U240 .A86 1975b  |s v.1-v.2  |t 0  |l Cushing: Ragan Military (Does not check out)